De los titulos valores : (Registro nro. 49907)

Detalles MARC
000 -LEADER
fixed length control field 01299nam a2200277 4500
001 - CONTROL NUMBER
control field 0000023065
003 - CONTROL NUMBER IDENTIFIER
control field CO-CtgCURN
005 - DATE AND TIME OF LATEST TRANSACTION
control field 20250828213534.0
008 - FIXED-LENGTH DATA ELEMENTS--GENERAL INFORMATION
fixed length control field 160627s2006 000 0 eng d
020 ## - INTERNATIONAL STANDARD BOOK NUMBER
International Standard Book Number 9589761739
040 ## - CATALOGING SOURCE
Original cataloging agency CO-CtgCURN
Language of cataloging spa
Transcribing agency coctgcurn
082 0# - DEWEY DECIMAL CLASSIFICATION NUMBER
Classification number 346.092
Item number P349d
100 1# - MAIN ENTRY--PERSONAL NAME
Personal name Peña Nossa, Lissandro.
245 17 - TITLE STATEMENT
Title De los titulos valores :
Remainder of title generalidades y su jurisprudencia /
Statement of responsibility, etc. Lisandro Peña Nossa.
260 ## - PUBLICATION, DISTRIBUTION, ETC.
Place of publication, distribution, etc. Bogotá :
Name of publisher, distributor, etc. Ediciones Universidad Catolica de Colombia,
Date of publication, distribution, etc. 2006.
300 ## - PHYSICAL DESCRIPTION
Extent 335 p.
336 ## - CONTENT TYPE
Source rdacontent
337 ## - MEDIA TYPE
Source rdamedia
Media type term sin mediacion
Media type code n
338 ## - CARRIER TYPE
Source rdacarrier
Carrier type term volumen
Carrier type code nc
504 ## - BIBLIOGRAPHY, ETC. NOTE
Bibliography, etc. note Bibliografia (p. 327-331)
505 8# - FORMATTED CONTENTS NOTE
Formatted contents note Antecedentes y evolucion historica.--Concepto de titulo valor y sus principios rectores.--Elementos esenciales genericos del titulo valor.--Clasificacion de los titulos valores.--Del endoso y sus clases.--La firma y sus modalidades.--De las garantias personales.--Del tenedor en los titulos valores.--Reposicion, cancelacion y reivindicacion de los titulos valores.--El titulo valor electronico
650 #0 - SUBJECT ADDED ENTRY--TOPICAL TERM
Topical term or geographic name entry element Titulos valores
Form subdivision Legislacion
Geographic subdivision Colombia.
908 ## - PUT COMMAND PARAMETER (RLIN)
Put command parameter 160627
942 ## - ADDED ENTRY ELEMENTS (KOHA)
Koha item type Libros
Classification part 346.092
Item part P349d
Source of classification or shelving scheme Dewey Decimal Classification
999 ## - SYSTEM CONTROL NUMBERS (KOHA)
-- 1
Existencias
Withdrawn status Lost status Source of classification or shelving scheme Damaged status Not for loan Home library Current library Shelving location Date acquired Total checkouts Full call number Barcode Date last seen Price effective from Koha item type
    Dewey Decimal Classification     Miguel Henríquez Castañeda Miguel Henríquez Castañeda General 03/04/2019   346.092 P349d 012457 03/04/2019 03/04/2019 Libros